| 000 | 00618pab a2200205 454500 | ||
|---|---|---|---|
| 008 | 180718b2011 xxu||||| |||| 00| 0 eng d | ||
| 100 | _aSpano, Alessandro | ||
| 245 | _aPerformance review and assessment of public managers: Some evidence from local governments in Italy | ||
| 260 | _c2011 | ||
| 300 | _ap.461-472. | ||
| 362 | _aJun | ||
| 650 | _aPerformance appraisal - Italy | ||
| 650 | _aManagers - Italy | ||
| 650 | _aLocal government - Italy | ||
| 650 | _aPerformance appraisal | ||
| 700 | _aAsquer, Alberto | ||
| 773 | _aInternational Journal of Public Administration | ||
| 908 | _aN | ||
| 909 | _a95336 | ||
| 999 |
_c95336 _d95336 |
||